Catholic University of Zimbabwe Library
Online Public Access Catalogue
(OPAC)

The idea of nationalism : (Record no. 4355)

MARC details
000 -LEADER
fixed length control field 00608cam a22002051a 4500
001 - CONTROL NUMBER
control field 0000004531
005 - DATE AND TIME OF LATEST TRANSACTION
control field 20170406115910.0
008 - FIXED-LENGTH DATA ELEMENTS--GENERAL INFORMATION
fixed length control field 820923s1944 nyu 000 0 eng
010 ## - LIBRARY OF CONGRESS CONTROL NUMBER
LC control number 44003540
035 ## - SYSTEM CONTROL NUMBER
-- (DLC) 44003540
040 ## - CATALOGING SOURCE
Original cataloging agency DLC
Transcribing agency CarP
Modifying agency DLC
050 00 - LIBRARY OF CONGRESS CALL NUMBER
Classification number JC311
Item number .K567
050 00 - LIBRARY OF CONGRESS CALL NUMBER
Classification number Microfilm 30845 JC
100 1# - MAIN ENTRY--PERSONAL NAME
Personal name Kohn, Hans,
Dates associated with a name 1891-1971.
245 14 - TITLE STATEMENT
Title The idea of nationalism :
Remainder of title a study in its origins and background /
Statement of responsibility, etc. Hans Kohn.
260 ## - PUBLICATION, DISTRIBUTION, ETC.
Place of publication, distribution, etc. New York :
Name of publisher, distributor, etc. Macmillan Company,
Date of publication, distribution, etc. 1944.
300 ## - PHYSICAL DESCRIPTION
Extent xiii, 735 p. ;
Dimensions 22 cm.
650 #0 - SUBJECT ADDED ENTRY--TOPICAL TERM
Topical term or geographic name entry element Nationalism.
908 ## - PUT COMMAND PARAMETER (RLIN)
Put command parameter 141008
Holdings
Withdrawn status Lost status Source of classification or shelving scheme Damaged status Not for loan Home library Current library Shelving location Date acquired Total Checkouts Full call number Barcode Date last seen Copy number Price effective from Koha item type
          CUZ Harare Campus CUZ Harare Campus Open Shelf 06.04.2017   JC 311. K567 BK0005188 22.05.2025 CU11404 06.04.2017 OS Book

OPENING HOURS

Weekdays: 0815hrs - 1800hrs
Weekends:0900hrs - 1200hrs

Closed for Mass:

Mon, Thur: 1200hrs - 1300hrs
Sunday & Public Holiday’s

CALL SUPPORT

0242-570570, 0242-570169
09200664, +263 8644140602

LOCATION

18443, Cranborne Avenue, Hatfield, Harare

Other Links


©2021 | CUZ Library